header

Aging population, pension funds, and financial markets (Record no. 3484)

MARC details
000 -LEADER
fixed length control field 01872nam a2200433Ia 4500
245 00 - TITLE STATEMENT
Title Aging population, pension funds, and financial markets
260 ## - PUBLICATION, DISTRIBUTION, ETC. (IMPRINT)
Place of publication Washington, DC :
Name of publisher World Bank ;
Place of publication [Vienna] :
Name of publisher ERSTE Stiftung,
Year of publication c2009.
300 ## - PHYSICAL DESCRIPTION
Number of Pages xvi, 162 p. :
Other physical details ill.
490 1# - SERIES STATEMENT
Series statement Directions in development. Finance
650 #0 - SUBJECT ADDED ENTRY--TOPICAL TERM
Topical Term Old age pensions
Topical Term Old age pensions
Topical Term Old age pensions
Topical Term Population aging
Topical Term Population aging
Topical Term Population aging
Topical Term Finance
Topical Term Finance
Topical Term Finance
700 1# - ADDED ENTRY--PERSONAL NAME
Personal name Holzmann, Robert.
856 40 - ELECTRONIC LOCATION AND ACCESS
Uniform Resource Identifier http://site.ebrary.com/lib/rucke/Doc?id=10281480

No items available.

© 2026 Rongo University
Contact us: librarian | system librarian | Rongo university